Á lódáil...

Rural marketing: Text and cases

Sonraí Bibleagrafaíochta
Príomhúdar: Krishnamacharyulu, C S G; Ramakrishnan, Lalitha
Formáid: Printed Book
Foilsithe: Pearson Education Asia 2002
Ábhair:
LEADER 00612nam a2200193 4500
020 |a 8178085763  |c 225 
082 |a S 658.8R KRI 
100 |a Krishnamacharyulu, C S G; Ramakrishnan, Lalitha 
245 |a Rural marketing: Text and cases  |c Krishnamacharyulu, C S G; Ramakrishnan, Lalitha 
250
260 |a Pearson Education Asia  |c 2002 
300 |a 397 p 
490
500
590 |a Classic Books 
650 |a Rural marketing 
942 |c BK 
999 |c 137309  |d 137309 
952 |0 0  |1 0  |4 0  |6 S_658_000000000000000_8R_KRI  |7 0  |9 150769  |a IMK  |b IMK  |g 225.00  |l 0  |o S 658.8R KRI  |p IMK04315  |r 2019-10-25  |w 2019-10-25  |y BK